[Event "21. Torneo San Viator 2013"]
[Site "Madrid ESP"]
[Date "2013.11.17"]
[Round "9.26"]
[White "Lianes Garcia, Marcos"]
[Black "Gil Calvente, Jose Antonio"]
[Result "1-0"]
[WhiteElo "1775"]
[BlackElo "1661"]
[PlyCount "69"]
[EventDate "2013.09.29"]
[EventType "swiss"]
[EventRounds "9"]
[EventCountry "ESP"]
[SourceTitle "Ajedrez en Madrid"]
[Source "lmi"]
[SourceDate "2013.09.29"]
[SourceVersion "1"]
[SourceVersionDate "2013.12.25"]
[SourceQuality "1"]

1. d4 Nf6 2. c4 c5 3. d5 b5 4. cxb5 a6 5. b6 Qxb6 6. Nc3 g6 7. Nf3 Bg7 8. e4 d6
9. Nd2 O-O 10. Nc4 Qc7 11. Be2 Nbd7 12. f4 Nb6 13. O-O Nxc4 14. Bxc4 Nd7 15.
Re1 Rb8 16. a3 Qa5 17. Qc2 Re8 18. Bd2 Qb6 19. Rab1 Kf8 20. Kh1 Qc7 21. Na4 Nb6
22. Ba5 Bd7 23. Nxb6 Rxb6 24. Bxb6 Qxb6 25. Qd3 Bb5 26. h3 Rb8 27. b3 Bd4 28.
e5 Qa5 29. exd6 exd6 30. Bxb5 axb5 31. b4 Qa4 32. bxc5 Bxc5 33. Rb3 Rb6 34. Qc3
Kg8 35. Re8# 1-0

[Event "21. Torneo San Viator 2013"]
[Site "Madrid ESP"]
[Date "2013.11.17"]
[Round "9.27"]
[White "Soto Martin, Pablo"]
[Black "Algaba Traspuesto, Jose Antoni"]
[Result "1-0"]
[WhiteElo "1740"]
[BlackElo "1693"]
[PlyCount "101"]
[EventDate "2013.09.29"]
[EventType "swiss"]
[EventRounds "9"]
[EventCountry "ESP"]
[SourceTitle "Ajedrez en Madrid"]
[Source "lmi"]
[SourceDate "2013.09.29"]
[SourceVersion "1"]
[SourceVersionDate "2013.12.25"]
[SourceQuality "1"]

1. e4 e6 2. d4 d5 3. Nc3 Nf6 4. e5 Nfd7 5. f4 c5 6. Nf3 b6 7. Be3 Be7 8. Qd2
Qc7 9. Bd3 Ba6 10. Bxa6 Nxa6 11. O-O Nab8 12. Qf2 Nc6 13. Qg3 g6 14. Rad1 cxd4
15. Nxd4 Nxd4 16. Bxd4 Bc5 17. Kh1 Bxd4 18. Rxd4 Qc5 19. Qd3 a6 20. Rd1 Qc7 21.
Qh3 O-O-O 22. a4 Nc5 23. Nxd5 Qb7 24. Nc3 Rxd4 25. Rxd4 Rd8 26. Rxd8+ Kxd8 27.
Qxh7 Ke7 28. Qh4+ Kf8 29. Qd8+ Kg7 30. Qd4 Qc6 31. Qd6 Qb7 32. h3 Ne4 33. Qb4
Ng3+ 34. Kh2 Nf1+ 35. Kg1 Ne3 36. Qe4 Qxe4 37. Nxe4 Nxc2 38. Kf2 Nb4 39. Ke2
Nd5 40. g3 b5 41. axb5 axb5 42. Nc3 Nc7 43. Kd3 f6 44. Kd4 g5 45. Kc5 gxf4 46.
gxf4 fxe5 47. fxe5 Kg6 48. Kd6 b4 49. Kxc7 bxc3 50. bxc3 Kf5 51. Kd6 1-0

[Event "21. Torneo San Viator 2013"]
[Site "Madrid ESP"]
[Date "2013.11.17"]
[Round "9.28"]
[White "Gonzalez Mateos, Rafael"]
[Black "Martin Garcia, Francisco Javie"]
[Result "1-0"]
[WhiteElo "2006"]
[BlackElo "1676"]
[PlyCount "43"]
[EventDate "2013.09.29"]
[EventType "swiss"]
[EventRounds "9"]
[EventCountry "ESP"]
[SourceTitle "Ajedrez en Madrid"]
[Source "lmi"]
[SourceDate "2013.09.29"]
[SourceVersion "1"]
[SourceVersionDate "2013.12.25"]
[SourceQuality "1"]

1. d4 Nf6 2. c3 g6 3. Bg5 Bg7 4. Nd2 O-O 5. e4 d6 6. Bd3 c5 7. d5 h6 8. Bh4
Nbd7 9. f4 Ne8 10. Ngf3 Nc7 11. a4 a6 12. a5 Nb5 13. O-O Re8 14. Nc4 b6 15.
axb6 Bb7 16. e5 Bxd5 17. exd6 Bxf3 18. Qxf3 Nxb6 19. Bxe7 Qb8 20. f5 Nxd6 21.
Bxd6 Qd8 22. fxg6 1-0

[Event "21. Torneo San Viator 2013"]
[Site "Madrid ESP"]
[Date "2013.11.17"]
[Round "9.29"]
[White "Soto Martin, Miguel"]
[Black "Garcia Galeote, Lorenzo"]
[Result "0-1"]
[WhiteElo "1588"]
[BlackElo "1987"]
[PlyCount "82"]
[EventDate "2013.09.29"]
[EventType "swiss"]
[EventRounds "9"]
[EventCountry "ESP"]
[SourceTitle "Ajedrez en Madrid"]
[Source "lmi"]
[SourceDate "2013.09.29"]
[SourceVersion "1"]
[SourceVersionDate "2013.12.25"]
[SourceQuality "1"]

1. d4 e6 2. Nf3 b6 3. c4 Bb7 4. Nc3 d6 5. e4 Nd7 6. g3 g6 7. Bg2 Bg7 8. O-O Ne7
9. Be3 O-O 10. Nd2 Nc6 11. Ne2 e5 12. Nf3 Nf6 13. Nc3 Ng4 14. Bg5 f6 15. Bc1
Nxd4 16. Nxd4 exd4 17. Nb5 f5 18. Nxd4 Qf6 19. Nb5 Ne5 20. Nxc7 fxe4 21. Nxa8
Bxa8 22. Qe2 Nf3+ 23. Kh1 Nd4 24. Qd2 e3 25. Qxe3 Bxg2+ 26. Kxg2 Nc2 27. Qf4
Nxa1 28. Qxf6 Rxf6 29. Bg5 Rf5 30. Bf4 Bxb2 31. Bxd6 Nc2 32. Bb8 a5 33. f4 Ne3+
34. Kg1 Nxf1 35. Kxf1 Rc5 36. Ba7 Rxc4 37. Bxb6 Ra4 38. Kg2 Rxa2 39. Kh3 a4 40.
Bc5 a3 41. Kg4 Ra1 0-1

[Event "21. Torneo San Viator 2013"]
[Site "Madrid ESP"]
[Date "2013.11.17"]
[Round "9.30"]
[White "Sancho Castiello, Federico"]
[Black "Ore Leon, Gustavo"]
[Result "1-0"]
[WhiteElo "2140"]
[BlackElo "1828"]
[PlyCount "120"]
[EventDate "2013.09.29"]
[EventType "swiss"]
[EventRounds "9"]
[EventCountry "ESP"]
[SourceTitle "Ajedrez en Madrid"]
[Source "lmi"]
[SourceDate "2013.09.29"]
[SourceVersion "1"]
[SourceVersionDate "2013.12.25"]
[SourceQuality "1"]

1. e4 c5 2. Nf3 Nc6 3. d4 cxd4 4. Nxd4 g6 5. Nc3 Bg7 6. Be3 Nf6 7. f3 Qb6 8.
Nf5 Qxb2 9. Nxg7+ Kf8 10. Na4 Qb4+ 11. c3 Qa5 12. Bh6 Kg8 13. Rb1 d6 14. Rb5
Qc7 15. Be2 Bd7 16. O-O Ne5 17. Rb4 Rd8 18. Qb3 Bc8 19. c4 Nc6 20. Rc1 Nxb4 21.
Qxb4 b6 22. Nc3 Qc5+ 23. Qxc5 dxc5 24. g4 e6 25. e5 Nd7 26. Rd1 Bb7 27. Kf2 Bc6
28. f4 a6 29. Bf3 Bxf3 30. Kxf3 b5 31. Ke3 b4 32. Ne4 Kf8 33. Nxc5 Ke7 34. Bg5+
f6 35. Rxd7+ Rxd7 36. Bxf6+ Kf7 37. Nxd7 Rc8 38. Kd4 a5 39. c5 a4 40. Nb6 b3
41. axb3 a3 42. Kc3 Rxc5+ 43. Nc4 Rc7 44. h4 Ra7 45. Nxa3 Rxa3 46. h5 Ra1 47.
b4 Rf1 48. hxg6+ hxg6 49. b5 Rxf4 50. b6 Rf1 51. Kc4 Rc1+ 52. Kb5 Rb1+ 53. Kc6
Rc1+ 54. Kd7 Rd1+ 55. Kc8 Rd4 56. b7 Rc4+ 57. Kd7 Rb4 58. Nxe6 Rxb7+ 59. Nc7
Ra7 60. g5 Kf8 1-0

[Event "21. Torneo San Viator 2013"]
[Site "Madrid ESP"]
[Date "2013.11.17"]
[Round "9.31"]
[White "Martinez Montalvo, Eduardo"]
[Black "Moreno Sanchez, Guillermo"]
[Result "1-0"]
[WhiteElo "1823"]
[BlackElo "1621"]
[PlyCount "37"]
[EventDate "2013.09.29"]
[EventType "swiss"]
[EventRounds "9"]
[EventCountry "ESP"]
[SourceTitle "Ajedrez en Madrid"]
[Source "lmi"]
[SourceDate "2013.09.29"]
[SourceVersion "1"]
[SourceVersionDate "2013.12.25"]
[SourceQuality "1"]

1. e4 c5 2. c3 Nf6 3. e5 Nd5 4. d4 cxd4 5. Nf3 Nc6 6. Bc4 Nc7 7. O-O dxc3 8.
Nxc3 a6 9. Bf4 e6 10. Ne4 h6 11. Rc1 Be7 12. Qd2 b5 13. Bb3 Bb4 14. Qe3 Rb8 15.
Rfd1 Na8 16. Rxc6 Bb7 17. Nd6+ Bxd6 18. Rcxd6 Bc6 19. Rxc6 1-0

[Event "21. Torneo San Viator 2013"]
[Site "Madrid ESP"]
[Date "2013.11.17"]
[Round "9.32"]
[White "Garcia Martin, Juan Manuel"]
[Black "Rendo Quindos, Pedro"]
[Result "0-1"]
[WhiteElo "1797"]
[BlackElo "1607"]
[PlyCount "88"]
[EventDate "2013.09.29"]
[EventType "swiss"]
[EventRounds "9"]
[EventCountry "ESP"]
[SourceTitle "Ajedrez en Madrid"]
[Source "lmi"]
[SourceDate "2013.09.29"]
[SourceVersion "1"]
[SourceVersionDate "2013.12.25"]
[SourceQuality "1"]

1. d4 Nf6 2. Bf4 g6 3. Nf3 Bg7 4. e3 d6 5. Bd3 O-O 6. O-O c5 7. c3 cxd4 8. exd4
Nbd7 9. Bc2 a6 10. Nbd2 b5 11. a3 Bb7 12. Re1 Nb6 13. h3 Rc8 14. Qe2 Re8 15. a4
bxa4 16. Bxa4 Nxa4 17. Rxa4 Qd7 18. Ra5 Qc6 19. c4 Qb6 20. Ra4 Qxb2 21. Rb1 Qc2
22. Rab4 Bxf3 23. Qxf3 Nh5 24. g4 Nxf4 25. Qxf4 e5 26. Qe3 exd4 27. Qf4 Be5 28.
Qh6 Bg7 29. Qf4 a5 30. Rb7 Rf8 31. Ne4 Rxc4 32. Nxd6 Rb4 33. R1xb4 axb4 34.
Rxf7 Qb1+ 35. Kg2 Qa2 36. Rxf8+ Bxf8 37. Qxd4 Qe6 38. Ne4 b3 39. Nf6+ Kf7 40.
Nxh7 Qc6+ 41. f3 Qc2+ 42. Kg3 Be7 43. Qd7 Qc5 44. h4 Qd6+ 0-1

[Event "21. Torneo San Viator 2013"]
[Site "Madrid ESP"]
[Date "2013.11.17"]
[Round "9.34"]
[White "Leniz Martinez, Francisco"]
[Black "Savchuk, Olga"]
[Result "1-0"]
[WhiteElo "1779"]
[BlackElo "1572"]
[PlyCount "95"]
[EventDate "2013.09.29"]
[EventType "swiss"]
[EventRounds "9"]
[EventCountry "ESP"]
[SourceTitle "Ajedrez en Madrid"]
[Source "lmi"]
[SourceDate "2013.09.29"]
[SourceVersion "1"]
[SourceVersionDate "2013.12.25"]
[SourceQuality "1"]

1. c4 e5 2. g3 Nf6 3. Bg2 d5 4. cxd5 Nxd5 5. Nc3 Be6 6. Nf3 Bd6 7. d3 h6 8. O-O
O-O 9. Bd2 Nd7 10. Nxd5 Bxd5 11. b3 c5 12. Bc3 Re8 13. Rc1 Nf6 14. Nd2 Bxg2 15.
Kxg2 Qd7 16. Qc2 Nd5 17. Ne4 b6 18. Bd2 Bc7 19. Nc3 Qc6 20. Kg1 Rad8 21. Nxd5
Qxd5 22. Be3 f5 23. f3 f4 24. Bf2 Qe6 25. Kg2 Qg6 26. b4 fxg3 27. hxg3 Rc8 28.
bxc5 Bd6 29. Qb3+ Kh8 30. cxd6 Qxd6 31. Qf7 Qa3 32. Rc7 Rxc7 33. Qxe8+ Kh7 34.
Qxe5 Re7 35. Qf5+ g6 36. Qf6 Rxe2 37. Qf7+ Kh8 38. Qxg6 Qxa2 39. Qxh6+ Kg8 40.
Qg6+ Kf8 41. Qf5+ Kg8 42. Qc8+ Kg7 43. Qd7+ Kf8 44. Qd4 Rd2 45. Rh1 Qc2 46.
Qf6+ Ke8 47. Rh8+ Kd7 48. Rh7+ 1-0

[Event "21. Torneo San Viator 2013"]
[Site "Madrid ESP"]
[Date "2013.11.17"]
[Round "9.35"]
[White "Alonso Penalver, Angel"]
[Black "Garcia Rojas, Juan Carlos"]
[Result "0-1"]
[WhiteElo "1762"]
[BlackElo "1545"]
[PlyCount "132"]
[EventDate "2013.09.29"]
[EventType "swiss"]
[EventRounds "9"]
[EventCountry "ESP"]
[SourceTitle "Ajedrez en Madrid"]
[Source "lmi"]
[SourceDate "2013.09.29"]
[SourceVersion "1"]
[SourceVersionDate "2013.12.25"]
[SourceQuality "1"]

1. e4 e5 2. Nf3 Nc6 3. Bc4 Be7 4. c3 Nf6 5. d3 d6 6. Bb3 Bd7 7. O-O O-O 8. Re1
Bg4 9. h3 Bh5 10. Nbd2 Rb8 11. Nf1 b6 12. Be3 Na5 13. Bc2 Nb7 14. d4 exd4 15.
cxd4 Bg6 16. Ng3 Nd7 17. Rc1 Bh4 18. Qd2 Bxg3 19. fxg3 Re8 20. Bf2 f6 21. d5
Ndc5 22. Nd4 Qc8 23. Qf4 a5 24. a3 Nd7 25. Ba4 Nbc5 26. Bc2 Ne5 27. Re3 Bf7 28.
Bb1 Qa6 29. Rcc3 b5 30. b4 axb4 31. axb4 Na4 32. Rxc7 Qb6 33. Ne6 Bxe6 34. Rec3
Nxc3 35. Bxb6 Ne2+ 36. Kh2 Nxf4 37. gxf4 Rxb6 38. dxe6 Nc6 39. Ba2 Nxb4 40. Bb3
Kh8 41. e7 Na6 42. Ra7 Nc5 43. Bf7 Rbb8 44. Bxe8 Rxe8 45. e5 dxe5 46. Rc7 Ne6
47. Rd7 Kg8 48. fxe5 fxe5 49. Rd5 Rxe7 50. Rxe5 b4 51. Rb5 b3 52. Rxb3 h5 53.
Rb5 g6 54. h4 Nd4 55. Rd5 Nf5 56. Rc5 Nxh4 57. g3 Re2+ 58. Kh3 Nf5 59. Rc7 Re3
60. Kh2 Rxg3 61. Rc6 Kf7 62. Rb6 h4 63. Ra6 g5 64. Ra5 Kg6 65. Rb5 Ne3 66. Re5
Ng4+ 0-1

[Event "21. Torneo San Viator 2013"]
[Site "Madrid ESP"]
[Date "2013.11.17"]
[Round "9.39"]
[White "Dorado Reboredo, Jose Maria"]
[Black "Herreros Ruiz, Jorge Alejandro"]
[Result "0-1"]
[WhiteElo "1678"]
[BlackElo "1549"]
[PlyCount "104"]
[EventDate "2013.09.29"]
[EventType "swiss"]
[EventRounds "9"]
[EventCountry "ESP"]
[SourceTitle "Ajedrez en Madrid"]
[Source "lmi"]
[SourceDate "2013.09.29"]
[SourceVersion "1"]
[SourceVersionDate "2013.12.25"]
[SourceQuality "1"]

1. e4 c6 2. d4 d5 3. Nc3 dxe4 4. Nxe4 Bf5 5. Ng3 Bg6 6. h4 h6 7. h5 Bh7 8. Nf3
Nf6 9. Bd3 Bxd3 10. Qxd3 e6 11. Bf4 Bd6 12. Be5 Bxe5 13. dxe5 Qxd3 14. cxd3 Nd5
15. Ne4 O-O 16. g3 Rd8 17. Nd6 Rd7 18. a3 Na6 19. Rc1 Rb8 20. Nd4 Nac7 21. Nb3
Na6 22. Na5 Ne7 23. Rh4 Nf5 24. Nxf5 exf5 25. Ke2 Rbd8 26. Rc3 c5 27. Nc4 b6
28. Nd6 Re7 29. f4 Rxd6 30. Kf3 Rd4 31. Ke3 Nc7 32. Ke2 Nd5 33. Rc4 Rxc4 34.
dxc4 Nc7 35. Kd3 Rd7+ 36. Kc3 Rd1 37. Rh2 Kf8 38. b4 Na6 39. b5 Nc7 40. Kc2 Rd4
41. Kc3 Ke7 42. a4 Rd1 43. Ra2 Rg1 44. Rd2 Rxg3+ 45. Kb2 Rf3 46. Rd6 Rxf4 47.
Rc6 Kd7 48. Rd6+ Kc8 49. Kb3 Re4 50. Rc6 Rxe5 51. a5 Re6 52. axb6 axb6 0-1

[Event "21. Torneo San Viator 2013"]
[Site "Madrid ESP"]
[Date "2013.11.17"]
[Round "9.40"]
[White "Jimenez Manzano, Emiliano"]
[Black "Tevar Becerra, Alvaro"]
[Result "0-1"]
[WhiteElo "1493"]
[BlackElo "1647"]
[PlyCount "76"]
[EventDate "2013.09.29"]
[EventType "swiss"]
[EventRounds "9"]
[EventCountry "ESP"]
[SourceTitle "Ajedrez en Madrid"]
[Source "lmi"]
[SourceDate "2013.09.29"]
[SourceVersion "1"]
[SourceVersionDate "2013.12.25"]
[SourceQuality "1"]

1. e4 e5 2. Nf3 Nc6 3. Bb5 a6 4. Ba4 Nf6 5. O-O b5 6. Bb3 Be7 7. d3 O-O 8. Bg5
h6 9. Bh4 d6 10. a3 Bg4 11. Nbd2 Nd4 12. Ba2 Nh7 13. Bxe7 Qxe7 14. c3 Nxf3+ 15.
Nxf3 Ng5 16. Re1 Nxf3+ 17. gxf3 Bh3 18. Kh1 Kh8 19. Rg1 f5 20. f4 fxe4 21. Qh5
Qd7 22. Rg3 Bf5 23. Rag1 exd3 24. Rxg7 Qxg7 25. Rxg7 Kxg7 26. Bb1 Bg6 27. Qd1
e4 28. Qg4 h5 29. Qg3 Rf6 30. f3 d5 31. fxe4 dxe4 32. f5 Rxf5 33. Qxc7+ Kh6 34.
h4 Raf8 35. Bxd3 exd3 36. Qd6 Rf4 37. Qc5 Rxh4+ 38. Kg2 Rg4+ 0-1

[Event "21. Torneo San Viator 2013"]
[Site "Madrid ESP"]
[Date "2013.11.17"]
[Round "9.41"]
[White "Morona Minguez, Miguel"]
[Black "Herreros Lucas, Jose Luis"]
[Result "1-0"]
[WhiteElo "1612"]
[BlackElo "1501"]
[PlyCount "65"]
[EventDate "2013.09.29"]
[EventType "swiss"]
[EventRounds "9"]
[EventCountry "ESP"]
[SourceTitle "Ajedrez en Madrid"]
[Source "lmi"]
[SourceDate "2013.09.29"]
[SourceVersion "1"]
[SourceVersionDate "2013.12.25"]
[SourceQuality "1"]

1. e4 c6 2. d4 d5 3. e5 Bf5 4. Bd3 Bxd3 5. Qxd3 e6 6. Nf3 c5 7. dxc5 Bxc5 8.
Qb5+ Nd7 9. Qxb7 Ne7 10. Qb5 O-O 11. O-O Rb8 12. Qe2 Rb4 13. Nbd2 Nf5 14. c3
Rb8 15. b4 Bb6 16. Nb3 Qc7 17. Bb2 Rbc8 18. Rfd1 Ne7 19. Nbd4 Ng6 20. Nb5 Qd8
21. Nd6 Rc7 22. g3 Rc6 23. a4 Bc7 24. Nd4 Ngxe5 25. Nxc6 Nxc6 26. Nb5 Bb6 27.
a5 Bc7 28. Nxc7 Qxc7 29. f4 Nf6 30. b5 Ne7 31. c4 Qc5+ 32. Bd4 Qc7 33. Be5 1-0

[Event "21. Torneo San Viator 2013"]
[Site "Madrid ESP"]
[Date "2013.11.17"]
[Round "9.42"]
[White "Mateos Cordero, Francisco"]
[Black "Estirado De Cabo, Cesar"]
[Result "1-0"]
[WhiteElo "1601"]
[BlackElo "1511"]
[PlyCount "109"]
[EventDate "2013.09.29"]
[EventType "swiss"]
[EventRounds "9"]
[EventCountry "ESP"]
[SourceTitle "Ajedrez en Madrid"]
[Source "lmi"]
[SourceDate "2013.09.29"]
[SourceVersion "1"]
[SourceVersionDate "2013.12.25"]
[SourceQuality "1"]

1. d4 d5 2. c4 e6 3. Nf3 Nf6 4. Bf4 Nbd7 5. h3 c5 6. e3 cxd4 7. exd4 b6 8. Nc3
Bb4 9. Qc2 O-O 10. Bd3 Bb7 11. Be2 dxc4 12. O-O Bxc3 13. Qxc3 Rc8 14. a4 Nd5
15. Qc1 Nxf4 16. Qxf4 Nf6 17. Rfd1 c3 18. bxc3 Rxc3 19. Qe5 Nd5 20. Ng5 Qf6 21.
Bf3 Qxe5 22. dxe5 Rc7 23. Bg4 Re8 24. Ne4 Ree7 25. Bf3 Red7 26. Nd6 Bc6 27. Rd4
Ne7 28. Rc1 Bxf3 29. Rxc7 Rxc7 30. gxf3 h6 31. Ne8 Rc3 32. Rd8 Kh7 33. Rd7 Nf5
34. Rxf7 Rxf3 35. Rxa7 Rxh3 36. Rb7 Rh4 37. Rxb6 Rxa4 38. Rxe6 Re4 39. Kg2 Nh4+
40. Kg3 Ng6 41. f4 Rxf4 42. Rxg6 Kxg6 43. Kxf4 Kf7 44. Nd6+ Ke6 45. Nf5 g5+ 46.
Ke4 h5 47. Ng7+ Kf7 48. Nxh5 Kg6 49. Ng3 Kf7 50. Kf5 g4 51. Kxg4 Ke6 52. Kf4
Kd5 53. Kf5 Kc5 54. Kf6 Kc6 55. Kf7 1-0

[Event "21. Torneo San Viator 2013"]
[Site "Madrid ESP"]
[Date "2013.11.17"]
[Round "9.43"]
[White "Santos Burkholz, Mario"]
[Black "Valdes Sanchez, Jesus Manuel"]
[Result "0-1"]
[WhiteElo "1464"]
[BlackElo "1567"]
[PlyCount "102"]
[EventDate "2013.09.29"]
[EventType "swiss"]
[EventRounds "9"]
[EventCountry "ESP"]
[SourceTitle "Ajedrez en Madrid"]
[Source "lmi"]
[SourceDate "2013.09.29"]
[SourceVersion "1"]
[SourceVersionDate "2013.12.25"]
[SourceQuality "1"]

1. e4 e6 2. d4 d5 3. exd5 exd5 4. Nc3 a6 5. Nf3 Nc6 6. Bf4 Bg4 7. Be2 Bxf3 8.
Bxf3 Bb4 9. Qd3 Qf6 10. Bxc7 Qxd4 11. Qxd4 Nxd4 12. Bd1 Bxc3+ 13. bxc3 Nb5 14.
Be5 f6 15. Bd4 Nxd4 16. cxd4 Ne7 17. O-O O-O 18. Bf3 Rfd8 19. Rab1 Rab8 20. Bg4
f5 21. Bf3 Rdc8 22. Rb2 Rc4 23. Re1 Kf7 24. Rd1 b5 25. Rd3 Rbc8 26. Rd2 Ke6 27.
Kf1 Nc6 28. Re2+ Kd6 29. g3 Nxd4 30. Re3 Nxc2 31. Re2 Nd4 32. Re3 Rc1+ 33. Kg2
Nxf3 34. Rxf3 g6 35. Re2 R1c2 36. Re1 Rxa2 37. Rfe3 Rcc2 38. Re6+ Kc5 39. Rf1
b4 40. Kg1 b3 41. Rb1 b2 42. Ree1 Ra3 43. Kf1 Rf3 44. Kg1 Rfxf2 45. Re8 Rg2+
46. Kh1 Rxh2+ 47. Kg1 Kd4 48. Rb8 Rhd2 49. Rb4+ Kc5 50. R4xb2 Rxb2 51. Rxb2
Rxb2 0-1

[Event "21. Torneo San Viator 2013"]
[Site "Madrid ESP"]
[Date "2013.11.17"]
[Round "9.45"]
[White "Jimenez Sanchez, Juan Daniel"]
[Black "Saribekyan, Garnik"]
[Result "0-1"]
[WhiteElo "1376"]
[BlackElo "1693"]
[PlyCount "70"]
[EventDate "2013.09.29"]
[EventType "swiss"]
[EventRounds "9"]
[EventCountry "ESP"]
[SourceTitle "Ajedrez en Madrid"]
[Source "lmi"]
[SourceDate "2013.09.29"]
[SourceVersion "1"]
[SourceVersionDate "2013.12.25"]
[SourceQuality "1"]

1. d4 d5 2. c4 e6 3. Nf3 Nf6 4. g3 dxc4 5. Bg2 b5 6. a4 c6 7. axb5 cxb5 8. Ne5
Nd5 9. Nc3 b4 10. Na4 Bb7 11. O-O Nd7 12. Nxc4 Be7 13. Bf4 O-O 14. Rc1 Rc8 15.
Nd6 Rxc1 16. Qxc1 Ba6 17. Nc4 Nxf4 18. gxf4 Qc7 19. b3 Rc8 20. Nab2 Nb6 21. Qa1
Bxc4 22. Rc1 Qxf4 23. bxc4 Qb8 24. e3 Rc7 25. c5 Nd5 26. Nd3 g6 27. Bxd5 exd5
28. Rb1 Rb7 29. Qa5 Bd8 30. Qa4 a5 31. Qe8+ Kg7 32. c6 Re7 33. c7 Qxc7 34. Qb5
Qc4 35. Qxc4 dxc4 0-1

[Event "21. Torneo San Viator 2013"]
[Site "Madrid ESP"]
[Date "2013.11.17"]
[Round "9.46"]
[White "Manso Santamaria, Juan Carlos"]
[Black "Del Noval Nemeshazi, Nesztor"]
[Result "1/2-1/2"]
[WhiteElo "1659"]
[BlackElo "1402"]
[PlyCount "43"]
[EventDate "2013.09.29"]
[EventType "swiss"]
[EventRounds "9"]
[EventCountry "ESP"]
[SourceTitle "Ajedrez en Madrid"]
[Source "lmi"]
[SourceDate "2013.09.29"]
[SourceVersion "1"]
[SourceVersionDate "2013.12.25"]
[SourceQuality "1"]

1. e4 c5 2. c3 e6 3. d4 d5 4. e5 Nc6 5. Nf3 Qb6 6. Bd3 Bd7 7. Bc2 Rc8 8. a3
cxd4 9. cxd4 Nge7 10. O-O Na5 11. b4 Nc4 12. Nbd2 Bb5 13. Re1 Qc7 14. Bb1 Nc6
15. Nxc4 Bxc4 16. Be3 a5 17. bxa5 Nxa5 18. Qa4+ b5 19. Qd1 Nb3 20. Ra2 Na5 21.
Ra1 Nb3 22. Ra2 1/2-1/2

[Event "21. Torneo San Viator 2013"]
[Site "Madrid ESP"]
[Date "2013.11.17"]
[Round "9.47"]
[White "Vazquez Cabeza, Isaac"]
[Black "Perez Perez, Marta"]
[Result "1-0"]
[WhiteElo "1560"]
[BlackElo "1348"]
[PlyCount "144"]
[EventDate "2013.09.29"]
[EventType "swiss"]
[EventRounds "9"]
[EventCountry "ESP"]
[SourceTitle "Ajedrez en Madrid"]
[Source "lmi"]
[SourceDate "2013.09.29"]
[SourceVersion "1"]
[SourceVersionDate "2013.12.25"]
[SourceQuality "1"]

1. c4 e5 2. Nc3 Nf6 3. d3 Bc5 4. g3 Nc6 5. Nf3 a6 6. Bg2 d6 7. O-O O-O 8. h3 h6
9. a3 Ba7 10. b4 Be6 11. Kh2 Nh7 12. Bb2 Qd7 13. e3 Rae8 14. Ne2 Ne7 15. Qc2
Ng6 16. d4 exd4 17. Nexd4 Bxd4 18. Nxd4 Rb8 19. Nxe6 Qxe6 20. c5 Rfe8 21. cxd6
Qxd6 22. Qc3 Qe5 23. Qxe5 Nxe5 24. Bd4 c6 25. Bxe5 Rxe5 26. Rad1 Nf6 27. Rd3
Re7 28. Rfd1 Ree8 29. R1d2 Kf8 30. Rb2 Rbd8 31. Rbd2 Rc8 32. Rd4 b6 33. Rd6 Ne4
34. Bxe4 Rxe4 35. Rc2 Re6 36. Rxe6 fxe6 37. Kg2 Ke7 38. Kf3 Kd6 39. Ke4 c5 40.
Rd2+ Ke7 41. Rc2 Kd6 42. f4 g6 43. g4 Re8 44. bxc5+ bxc5 45. Rd2+ Ke7 46. Rb2
Rc8 47. Rb7+ Kf6 48. Kd3 c4+ 49. Kc3 g5 50. Rb4 gxf4 51. exf4 e5 52. fxe5+ Kxe5
53. Rb6 a5 54. Rb5+ Kf4 55. Rxa5 Kg3 56. Rh5 Rc6 57. a4 Kf3 58. a5 Kg3 59. Kc2
c3 60. g5 hxg5 61. Rxg5+ Kxh3 62. Rg8 Kh4 63. Rb8 Kg5 64. Rb6 Rc5 65. a6 Ra5
66. Kxc3 Kf5 67. Kb4 Ra1 68. Kc5 Ke5 69. Kc6 Kd4 70. Kb7 Kc5 71. a7 Ra2 72. Rb1
Rxa7+ 1-0

[Event "21. Torneo San Viator 2013"]
[Site "Madrid ESP"]
[Date "2013.11.17"]
[Round "9.48"]
[White "Cortijo Manso, Luis"]
[Black "Nunez Miranda, Mario"]
[Result "1/2-1/2"]
[WhiteElo "1535"]
[BlackElo "1304"]
[PlyCount "93"]
[EventDate "2013.09.29"]
[EventType "swiss"]
[EventRounds "9"]
[EventCountry "ESP"]
[SourceTitle "Ajedrez en Madrid"]
[Source "lmi"]
[SourceDate "2013.09.29"]
[SourceVersion "1"]
[SourceVersionDate "2013.12.25"]
[SourceQuality "1"]

1. d4 d5 2. c4 c6 3. Nf3 Nf6 4. g3 Bf5 5. Bg2 h6 6. O-O e6 7. Nbd2 Nbd7 8. cxd5
exd5 9. Qb3 Qb6 10. Qxb6 Nxb6 11. Nb3 Be7 12. Na5 Bc8 13. Bf4 O-O 14. Nb3 a5
15. Nc5 Bxc5 16. dxc5 Nbd7 17. Bd6 Re8 18. e3 g5 19. Nd4 Ne5 20. b3 a4 21. b4
Nc4 22. b5 Nxd6 23. cxd6 c5 24. Nc2 a3 25. Rfd1 Rd8 26. Bxd5 Rxd6 27. Bxf7+
Kxf7 28. Rxd6 Ra5 29. Rdd1 Ke7 30. Rdc1 Ne4 31. Ne1 Rxb5 32. Nd3 Bh3 33. f4 Kd6
34. Rab1 Kc6 35. Rxb5 Kxb5 36. fxg5 hxg5 37. Ne5 Kb4 38. Rc4+ Kb5 39. Rxe4 Be6
40. h4 Bxa2 41. Nd3 Bb1 42. Re7 Bxd3 43. Rxb7+ Kc4 44. h5 a2 45. Ra7 Kb3 46. h6
Kb2 47. Rb7+ 1/2-1/2

[Event "21. Torneo San Viator 2013"]
[Site "Madrid ESP"]
[Date "2013.11.17"]
[Round "9.49"]
[White "Lopez Ziegler, Juan Jose"]
[Black "Jimenez Perez, Federico"]
[Result "1-0"]
[WhiteElo "1523"]
[BlackElo "1289"]
[PlyCount "45"]
[EventDate "2013.09.29"]
[EventType "swiss"]
[EventRounds "9"]
[EventCountry "ESP"]
[SourceTitle "Ajedrez en Madrid"]
[Source "lmi"]
[SourceDate "2013.09.29"]
[SourceVersion "1"]
[SourceVersionDate "2013.12.25"]
[SourceQuality "1"]

1. d4 c6 2. Nf3 d6 3. Bf4 Bg4 4. h3 Bxf3 5. exf3 Qc7 6. Bd3 Nd7 7. O-O Ngf6 8.
Nd2 e5 9. Re1 O-O-O 10. dxe5 dxe5 11. Be3 Bc5 12. Qe2 Rhe8 13. Ne4 Bxe3 14.
Qxe3 Nd5 15. Qxa7 Nb8 16. Nc5 Nb4 17. Bf5+ Nd7 18. Rad1 Re7 19. Bxd7+ Rexd7 20.
Rxd7 Rxd7 21. Qa8+ Qb8 22. Qxb8+ Kxb8 23. Nxd7+ 1-0

[Event "21. Torneo San Viator 2013"]
[Site "Madrid ESP"]
[Date "2013.11.17"]
[Round "9.50"]
[White "Ochoa, Bryan Alejandro"]
[Black "Blanco Diez, David"]
[Result "0-1"]
[WhiteElo "1193"]
[BlackElo "1463"]
[PlyCount "60"]
[EventDate "2013.09.29"]
[EventType "swiss"]
[EventRounds "9"]
[EventCountry "ESP"]
[SourceTitle "Ajedrez en Madrid"]
[Source "lmi"]
[SourceDate "2013.09.29"]
[SourceVersion "1"]
[SourceVersionDate "2013.12.25"]
[SourceQuality "1"]

1. d4 d5 2. Nf3 Nf6 3. e3 c5 4. c3 e6 5. Bd3 Nc6 6. Nbd2 b6 7. O-O Bb7 8. Re1
Be7 9. e4 cxd4 10. cxd4 dxe4 11. Nxe4 O-O 12. Be3 Rc8 13. Rc1 Nb4 14. Nxf6+
Bxf6 15. Rxc8 Qxc8 16. Bb1 Rd8 17. Qa4 Nc6 18. Rd1 a6 19. Qb3 b5 20. Qd3 g6 21.
a3 Bg7 22. Bc2 Ne7 23. Bg5 Bxf3 24. Qxf3 Qxc2 25. Rd2 Qc7 26. Bxe7 Qxe7 27. b4
Rxd4 28. Rxd4 Bxd4 29. Qa8+ Kg7 30. Qxa6 Qf6 0-1